MARC

Tag First Indicator Second Indicator Subfields
LEADER 00000cam a2200000 i 4500
001 in00004028792
005 20181023093716.0
006 m o d f
007 cr mn|||||||||
008 141123s1982 dcuab ob f000 0 eng c
035 |a (OCoLC)ocn896810777 
040 |a COP  |b eng  |e rda  |e pn  |c COP  |d OCLCO  |d OCLCF  |d GPO  |d MvI  |d UtOrBLW 
042 |a pcc 
043 |a n-us-va  |a n-us-dc  |a n-us-md 
049 |a WWW 
074 |a 0624 (online) 
086 0 |a I 19.16:1206 
100 1 |a Yanosky, Thomas M.,  |e author.  |0 http://id.loc.gov/authorities/names/n80084733 
245 1 0 |a Effects of flooding upon woody vegetation along parts of the Potomac River flood plain /  |c by Thomas M. Yanosky. 
264 1 |a Washington :  |b United States Department of the Interior, Geological Survey,  |c 1982. 
300 |a 1 online resource (vi, 21 pages) :  |b illustrations, maps. 
336 |a text  |b txt  |2 rdacontent 
337 |a computer  |b c  |2 rdamedia 
338 |a online resource  |b cr  |2 rdacarrier 
490 1 |a Geological Survey professional paper ;  |v 1206 
500 |a Title from title screen (viewed October 9, 2014). 
504 |a Includes bibliographical references (pages 19-20). 
650 0 |a Flood damage  |z Potomac River Valley. 
650 0 |a Floodplain plants  |z Potomac River Valley. 
650 0 |a Floods  |z Potomac River. 
650 0 |a Forest ecology  |z Potomac River Valley. 
650 0 |a Plants  |x Effect of floods on  |z Potomac River Valley. 
650 7 |a Flood damage.  |2 fast  |0 (OCoLC)fst00927480 
650 7 |a Floodplain plants.  |2 fast  |0 (OCoLC)fst00927561 
650 7 |a Floods.  |2 fast  |0 (OCoLC)fst00927573 
650 7 |a Forest ecology.  |2 fast  |0 (OCoLC)fst00932104 
650 7 |a Plants  |x Effect of floods on.  |2 fast  |0 (OCoLC)fst01065926 
651 7 |a United States  |z Potomac River.  |2 fast  |0 (OCoLC)fst01245982 
651 7 |a United States  |z Potomac River Valley.  |2 fast  |0 (OCoLC)fst01275083 
710 2 |a Geological Survey (U.S.),  |e issuing body.  |0 http://id.loc.gov/authorities/names/n80092173 
776 0 8 |i Print version:  |a Yanosky, Thomas M.  |t Effects of flooding upon woody vegetation along parts of the Potomac River flood plain  |w (DLC) 80607999  |w (OCoLC)6605192 
830 0 |a Geological Survey professional paper ;  |v 1206.  |0 http://id.loc.gov/authorities/names/n42012105 
856 4 0 |u https://purl.fdlp.gov/GPO/gpo91301  |t 0 
999 f f |s 72a23f82-c568-3544-a03b-60d38ed5d6e8  |i 6f497994-6255-3c1c-a59c-5475e3233935  |t 0 
952 f f |a Texas A&M University  |b College Station  |c Electronic Resources  |d Available Online  |t 0  |e I 19.16:1206  |h Superintendent of Documents classification 
998 f f |a I 19.16:1206  |t 0  |l Available Online